1715 1744 1271 1496 1495 1673 1057 1008 1716 1022 1748 1042 1106 1159 1569 1013 1820 1560 1938 1336 1763 1679 1831 1964 1076 1366 1215 1270 1718 1492 1501 1571 1262 1412 1187 1633 1757 1770 1000 1134 1720 1901 1909 1257 1599 1913 1254 1421 1614 1717 1581 1751 1663 1925 1253 1739 1560 1908 1810 1095 1915 1508 1491 1686 1762 1907 1753 1680 1177 1077 1663 1404 1456 1692 1476 1673 1795 1559 1110 1391 1647 1214 1955 1815 1497 1563 1709 1383 1278 1429 1862 1144 1283 1943 1949 1264 1631 1996 1371 BCNSPRNW ULIB Ver.6.0+V

เปลี่ยนเป็นภาษาไทย

Change to English
 แสดงรายละเอียดบรรณานุกรม
  กลับหน้าหลัก

Brief Record : Get Marc (ISO 2709) : E-mail record : QR code < ปิดหน้าต่าง
LEADER : 00000nam 2200000uu 4500
001    13399112023
003     ULIB
008    110627s2549||||th 000 0 tha d
099    วจ.WY18.2^bว113ค
100 0  วงเดือน สุวรรณคีรี
245 00 คุณภาพการจัดการศึกษาหลักสูตรพยาบาลศาสตรบัณฑิต โครงการความร่วมผลิตบัณฑิตสาขาพยาบาลศาสตร์ระหว่างมหาวิทยาลัยนเรศวร กับกระทรวงสาธารณสุข/^cวงเดือน สุวรรณคีรี
260    พิษณุโลก :^bมหาวิทยาลัยนเรศวร,^c2549
300    130 หน้า
650  7 วิชาชีพพยาบาล^xวิจัย
650  7 มหาวิทยาลัยนเรศวร
945    ^p0^l0^i020598
945    ^p0^l0^i020599
945    ^p0^l0^i020600
945    ^p0^l0^i020601
945    ^p0^l0^i020602
945    ^p0^l0^i020603
945    ^p0^l0^i020604
945    ^p0^l0^i023520
945    ^p0^l0^i032862
995    ทศพร
999 ^a ใช้งานได้ทุกระบบ
รายการนี้ยังไม่มีแท็ก
คุณยังไม่ได้ล็อกอิน คุณสามารถมีกิจกรรมร่วมกับเว็บไซต์ได้ แต่ต้องล็อกอินก่อน ::
  ล็อกอิน

รายการสื่อสารสนเทศ

ลำดับที่ ประเภท เลขเรียก/บาร์โค้ด สถานที่ สถานะ
1. งานวิจัย
งานวิจัย
วจ.WY18.2 ว113ค ฉ.9 
  Barcode: 032862
ห้องสมุดวิทยาเขตสวรรค์ประชารักษ์
►วิจัย
บนชั้น

รายการใกล้เคียง
    ผู้แต่ง [วงเดือน สุวรรณคีรี]

    หัวเรื่อง [มหาวิทยาลัยนเรศวร]

BibComment


ยังไม่เคยถูกคอมเมนท์

คอมเมนท์ทรัพยากรรายการนี้
  คอมเมนท์: คุณภาพการจัดการศึ..


 Copyright 2026. Bcnsprnw @Library